| 000 | 01967nam a2200217Ia 4500 | ||
|---|---|---|---|
| 003 | Ost | ||
| 005 | 20260416102401.0 | ||
| 008 | 260416s9999||||xx |||||||||||||| ||und|| | ||
| 040 | _cfsecg | ||
| 041 | _aara | ||
| 082 | _a330 | ||
| 100 |
_aبن العامر، نعيمة _eمؤلف |
||
| 245 | 0 |
_aمدخل إلى علم الاقتصاد / _c نعيمة بن العامر |
|
| 260 |
_aالجزائر _bجامعة الجزائر3: كلية العلوم الإقتصادية، العلوم التجارية وعلوم التسيير _c2023 |
||
| 300 |
_a101 ورقة _c12 سم |
||
| 504 | _aالمراجع ص.98 | ||
| 520 | _aتهدف هذه المطبوعة الى تمكين الطالب من استيعاب مدخل لعلم الاقتصاد والتدرب على مواضيعه الأساسية ومصطلحات المسائل الاقتصادية الهامة. من خلال التعرف على علم الاقتصاد وموضوعاته ومصطلحات المسائل الاقتصادية وعلاقته بالاقتصاد السياسي وبمختلف العلوم الأخرى. وتحديد مفهوم المشكلة الاقتصادية وطرق معالجتها. كذلك التعرف على عناصر الإنتاج وعلى أهم الأنشطة الاقتصادية. والتعرف على الأعوان الاقتصاديين وعلى المؤسسة الاقتصادية. بالاضافة الى التعرف على السوق والنقود.وتمكين الطالب للتعرف على مشكل التضخم والبطالة والسياسات الاقتصادية لمواجهتهما. والتعرف على أهم المؤسسات الاقتصادية الدولية والتكتلات الاقتصادية الجهوية. | ||
| 653 | _aعلم الإقتصاد | ||
| 710 |
_aجامعة الجزائر3: كلية العلوم الإقتصادية، العلوم التجارية وعلوم التسيير _eناشر علمي |
||
| 942 | _cHANDOUT | ||
| 999 |
_c41442 _d41442 |
||